Commonly Confused Words - Statistics

General Stats
  • This quiz has been taken 64 times
  • The average score is 7 of 10
Answer Stats
Question Answer % Correct
Get ___ dog away from me! Your
100%
I'm going to ___ party. Their
97%
There are ___ many! Too
97%
It will ___ him. Affect
92%
The army came back with ___. Cavalry
85%
He was ___ to join the competition. Averse
67%
There were ___ than ten participants. Fewer
67%
I'm going to ___ down. Lie
56%
___ the cup to her. Bring
54%
He was running ___ away. Farther
26%
No matching quizzes found
Score Distribution
Percent of People with Each Score
Percentile by Number Answered
Your Score History
You have not taken this quiz